Escudos de las selecciones de la AFC - Estadísticas

Estadísticas generales
  • Esta prueba ha sido intentada 23 veces
  • La puntuación promedio es 40 de 46
Estadísticas de respuestas
Imagen Respuesta % Correcto
Catar
100%
China
100%
Emiratos Árabes Unidos
100%
Japón
100%
Líbano
100%
Nepal
100%
Corea del sur
95%
Irán
95%
Jordania
95%
Pakistán
95%
Tailandia
95%
Afganistán
90%
Arabia saudita
90%
Australia
90%
Corea del Norte
90%
Hong Kong
90%
India
90%
Irak
90%
Kuwait
90%
Malasia
90%
Palestina
90%
Sri Lanka
90%
Tayikistán
90%
Turkmenistán
90%
Uzbekistán
90%
Yemen
90%
Baréin
86%
Laos
86%
Macao
86%
Omán
86%
Siria
86%
Timor Oriental
86%
Vietnam
86%
Bután
81%
China Taipéi (Taiwán)
81%
Filipinas
81%
Indonesia
81%
Kirguistán
81%
Mongolia
81%
Myanmar
81%
Singapur
81%
Brunéi
76%
Camboya
76%
Bangladesh
71%
Maldivas
67%
Guam
52%
No se encontraron pruebas coincidentes
Distribución de puntuación
Porcentaje de gente con cada puntuación
Porcentaje por número respondido
Historial de tus puntuaciones
No has intentado esta prueba.